| 000 | 01257cam a2200229 4500 | ||
|---|---|---|---|
| 001 | ABS66567 | ||
| 008 | 030414n2003 000 0 eng u | ||
| 035 | _a(Sirsi) u121983 | ||
| 100 | _aPaterson, R. | ||
| 245 | 2 | _aA proposed strategy for the multi-lateral recognition of national cultural property: export controls | |
| 260 | _c2003 | ||
| 490 |
_aArt Antiquity and Law _v8(1) March 2003, 57-62(6) |
||
| 520 | _aDiscusses the evolution towards the multi-lateral recognition of national cultural property and export controls. Considers the pros and cons of export controls highlighting the problem of enforcing such controls. International agreements such as the UNESCO Convention on Cultural Property 1970 and UNIDROIT Convention on Stolen or Illegally Exported Cultural Objects 1995 help to resolve legal and practical problems of controlling exports. | ||
| 590 | _aABS | ||
| 650 | _aCULTURAL PROPERTY | ||
| 650 | _aEXPORT CONTROLS | ||
| 650 | _aWORKS OF ART | ||
| 650 | _aCONVENTION ON THE MEANS OF PROHIBITING AND PREVENTION OF THE ILLICIT IMPORT, EXPORT AND TRANSFER OF OWNERSHIP OF CULTURAL PROPERTY 1970 | ||
| 650 | _aCONVENTION ON STOLEN OR ILLEGALLY EXPORTED CULTURAL OBJECTS 1995 | ||
| 690 |
_aArts and antiques _96217 |
||
| 942 | _n0 | ||
| 999 |
_c72491 _d72491 |
||